000 00664nam a2200193Ii 4500
003 JO-AjNU
008 230605s9999||||xx |||||||||||||| ||und||
040 _aJO-AjNU
_bara
_erda
_cJO-AjNU
041 _aara
050 1 4 _aT173.8.D7812 1988
100 3 _aدركوز،بيتر ؛مترجم حسين عبدالفتاح,
_eauthor
_913715
245 0 0 _aالتجديد والمقاولة: ممارسات ومبادئ
264 3 1 _aعمان:مركز الكتب الاردني،1988
300 _a260ص
336 _atext
_btxt
_2rdacontent
337 _aunmediated
_bn
_2rdamedia
338 _avolume
_bnc
_2rdacarrier
650 4 _aالمقاولة-ممارسة
_913716
999 _aA3486
_c7054
_d7054